OCL (Orientation to College learning) -Fall 2024 (Record no. 9926)

MARC details
000 -LEADER
fixed length control field 00367nam a22001337a 4500
005 - DATE AND TIME OF LATEST TRANSACTION
control field 20240730125326.0
008 - FIXED-LENGTH DATA ELEMENTS--GENERAL INFORMATION
fixed length control field 240730b |||||||| |||| 00| 0 eng d
040 ## - CATALOGING SOURCE
Transcribing agency RTC Library
082 ## - DEWEY DECIMAL CLASSIFICATION NUMBER
Classification number 378.1
245 ## - TITLE STATEMENT
Title OCL (Orientation to College learning) -Fall 2024
260 ## - PUBLICATION, DISTRIBUTION, ETC.
Place of publication, distribution, etc. Thimphu :
Name of publisher, distributor, etc. Royal Thimphu College,
Date of publication, distribution, etc. 2024.
300 ## - PHYSICAL DESCRIPTION
Extent 76 p.;
Other physical details 30 Cm.
942 ## - ADDED ENTRY ELEMENTS (KOHA)
Source of classification or shelving scheme Dewey Decimal Classification
Koha item type Faculty Reserve
Holdings
Withdrawn status Lost status Source of classification or shelving scheme Damaged status Not for loan Collection code Home library Current library Shelving location Date acquired Serial Enumeration / chronology Total Checkouts Full call number Barcode Date last seen Price effective from Koha item type
    Dewey Decimal Classification     Fac res RTC Library RTC Library Faculty reserve 30/07/2024 18471   378.1 ORI 30019542 30/07/2024 30/07/2024 Faculty Reserve
Royal Thimphu College || All Right Reserved